30 rokov letnej školy prekladu 1975-2008 1975-2008

Gespeichert in:
Bibliographische Detailangaben
Weitere Verfasser: Šoltys, Jaroslav, Gromová, Edita, Rakšányiová, Jana
Format: Buch
Sprache:Slowakisch
Veröffentlicht: Bratislava AnaPress 2008
Schriftenreihe:Studia Translatologica Bratislavensia 15
Schlagworte:
Tags: Tag hinzufügen
Keine Tags, Fügen Sie das erste Tag hinzu!

MARC

LEADER 00000nam$a2200000$$$4500
001 0082935
005 20240109070930.8
020 |a 978-80-89137-45-9 
041 0 |a slo 
044 |a SK 
245 1 0 |a 30 rokov letnej školy prekladu 1975-2008  |b 1975-2008  |c Jaroslav Šoltys (editor) 
264 1 |a Bratislava  |b AnaPress  |c 2008 
300 |a 100 s. 
490 1 |a Studia Translatologica Bratislavensia  |v 15 
830 0 |a Studia Translatologica Bratislavensia  |v 15 
610 2 0 |a jazykoveda 
610 2 0 |a prekladatelia 
610 2 0 |a terminológia 
700 1 |a Šoltys, Jaroslav 
700 1 |a Gromová, Edita 
700 1 |a Rakšányiová, Jana